| 000 | 00584cam a22002172 4500 | ||
|---|---|---|---|
| 999 |
_c16960 _d16960 |
||
| 001 | 0000019728 | ||
| 003 | OSt | ||
| 005 | 20180711143841.0 | ||
| 008 | 110124s xx 000 0 eng d | ||
| 020 | _a0808924500 | ||
| 040 |
_aKABU _cKABU |
||
| 245 | 1 | 0 | _aRobbins and Cotran pathologic basis of disease. |
| 250 |
_a9th ed. / _bVinay Kumar ... [et al]. |
||
| 260 |
_aNew Delhi : _bElsevier, _c2010. |
||
| 300 | _aix, 1391 p. | ||
| 650 | 0 | _aPathology. | |
| 700 | 1 | _aKumar, Vinay. | |
| 908 | _a110124 | ||
| 942 |
_2lcc _cBK |
||